<?xml version="1.0" encoding="UTF-8"?>
<collection xmlns="http://www.loc.gov/MARC21/slim">
    <record>
        <controlfield tag="001">70775</controlfield>
        <controlfield tag="005">20190529115222.0</controlfield>
        <datafield tag="024" ind1="7" ind2=" ">
            <subfield code="2">doi</subfield>
            <subfield code="a">10.1016/j.nuclphysb.2013.07.001</subfield>
        </datafield>
        <datafield tag="024" ind1="8" ind2=" ">
            <subfield code="2">sideral</subfield>
            <subfield code="a">82496</subfield>
        </datafield>
        <datafield tag="037" ind1=" " ind2=" ">
            <subfield code="a">ART-2013-82496</subfield>
        </datafield>
        <datafield tag="041" ind1=" " ind2=" ">
            <subfield code="a">eng</subfield>
        </datafield>
        <datafield tag="100" ind1=" " ind2=" ">
            <subfield code="0">(orcid)0000-0002-8215-1413</subfield>
            <subfield code="a">Azcoiti, V.</subfield>
            <subfield code="u">Universidad de Zaragoza</subfield>
        </datafield>
        <datafield tag="245" ind1=" " ind2=" ">
            <subfield code="a">Phase structure of a generalized Nambu-Jona-Lasinio model with Wilson fermions in the mean-field or large-N expansion</subfield>
        </datafield>
        <datafield tag="260" ind1=" " ind2=" ">
            <subfield code="c">2013</subfield>
        </datafield>
        <datafield tag="506" ind1="0" ind2=" ">
            <subfield code="a">Access copy available to the general public</subfield>
            <subfield code="f">Unrestricted</subfield>
        </datafield>
        <datafield tag="520" ind1="3" ind2=" ">
            <subfield code="a">We analyze the vacuum structure of a generalized lattice Nambu-Jona-Lasinio model with two flavors of Wilson fermions, such that its continuum action is the most general four-fermion action with "trivial" color interactions, and having a SU(2)V×SU(2)A symmetry in the chiral limit. The phase structure of this model in the space of the two four-fermion couplings shows, in addition to the standard Aoki phases, new phases with &lt;¿-¿5¿>¿0, in close analogy to similar results recently suggested by some of us for lattice QCD with two degenerate Wilson fermions. This result shows how the phase structure of an effective model for low-energy QCD cannot be entirely understood from Wilson Chiral Perturbation Theory, based on the standard QCD chiral effective Lagrangian approach.</subfield>
        </datafield>
        <datafield tag="536" ind1=" " ind2=" ">
            <subfield code="9">info:eu-repo/grantAgreement/ES/MINECO/FPA2012-35453</subfield>
            <subfield code="9">info:eu-repo/grantAgreement/ES/MICINN/FPA2009-09638</subfield>
            <subfield code="9">info:eu-repo/grantAgreement/ES/MICINN/CPAN-CSD2007-00042</subfield>
            <subfield code="9">info:eu-repo/grantAgreement/ES/INFN–MICINN/AIC-D-2011-0663</subfield>
            <subfield code="9">info:eu-repo/grantAgreement/EC/FP7/238353/EU/Strong Interaction Supercomputing Training Network/STRONGNET</subfield>
            <subfield code="9">info:eu-repo/grantAgreement/ES/DGA/E24-2</subfield>
        </datafield>
        <datafield tag="540" ind1=" " ind2=" ">
            <subfield code="9">info:eu-repo/semantics/openAccess</subfield>
            <subfield code="a">by</subfield>
            <subfield code="u">http://creativecommons.org/licenses/by/3.0/es/</subfield>
        </datafield>
        <datafield tag="590" ind1=" " ind2=" ">
            <subfield code="a">3.946</subfield>
            <subfield code="b">2013</subfield>
        </datafield>
        <datafield tag="591" ind1=" " ind2=" ">
            <subfield code="a">PHYSICS, PARTICLES &amp; FIELDS</subfield>
            <subfield code="b">8 / 27 = 0.296</subfield>
            <subfield code="c">2013</subfield>
            <subfield code="d">Q2</subfield>
            <subfield code="e">T1</subfield>
        </datafield>
        <datafield tag="655" ind1=" " ind2="4">
            <subfield code="a">info:eu-repo/semantics/article</subfield>
            <subfield code="v">info:eu-repo/semantics/publishedVersion</subfield>
        </datafield>
        <datafield tag="700" ind1=" " ind2=" ">
            <subfield code="a">Di Carlo, G.</subfield>
        </datafield>
        <datafield tag="700" ind1=" " ind2=" ">
            <subfield code="0">(orcid)0000-0002-4742-4279</subfield>
            <subfield code="a">Follana, E.</subfield>
            <subfield code="u">Universidad de Zaragoza</subfield>
        </datafield>
        <datafield tag="700" ind1=" " ind2=" ">
            <subfield code="a">Giordano, M.</subfield>
        </datafield>
        <datafield tag="700" ind1=" " ind2=" ">
            <subfield code="a">Vaquero, A.</subfield>
        </datafield>
        <datafield tag="710" ind1="2" ind2=" ">
            <subfield code="1">2004</subfield>
            <subfield code="2">405</subfield>
            <subfield code="a">Universidad de Zaragoza</subfield>
            <subfield code="b">Dpto. Física Teórica</subfield>
            <subfield code="c">Área Física Teórica</subfield>
        </datafield>
        <datafield tag="773" ind1=" " ind2=" ">
            <subfield code="g">875, 1 (2013), 45-62</subfield>
            <subfield code="p">Nucl. phys., B</subfield>
            <subfield code="t">NUCLEAR PHYSICS B</subfield>
            <subfield code="x">0550-3213</subfield>
        </datafield>
        <datafield tag="856" ind1="4" ind2=" ">
            <subfield code="s">245314</subfield>
            <subfield code="u">http://zaguan.unizar.es/record/70775/files/texto_completo.pdf</subfield>
            <subfield code="y">Versión publicada</subfield>
        </datafield>
        <datafield tag="856" ind1="4" ind2=" ">
            <subfield code="s">48124</subfield>
            <subfield code="u">http://zaguan.unizar.es/record/70775/files/texto_completo.jpg?subformat=icon</subfield>
            <subfield code="x">icon</subfield>
            <subfield code="y">Versión publicada</subfield>
        </datafield>
        <datafield tag="909" ind1="C" ind2="O">
            <subfield code="o">oai:zaguan.unizar.es:70775</subfield>
            <subfield code="p">articulos</subfield>
            <subfield code="p">driver</subfield>
        </datafield>
        <datafield tag="951" ind1=" " ind2=" ">
            <subfield code="a">2019-05-29-11:42:04</subfield>
        </datafield>
        <datafield tag="980" ind1=" " ind2=" ">
            <subfield code="a">ARTICLE</subfield>
        </datafield>
    </record>

    
</collection>